| 000 | 00755nam a22002417a 4500 | ||
|---|---|---|---|
| 005 | 20170124110034.0 | ||
| 010 | _a918878 | ||
| 020 | _c00.00 | ||
| 035 | _a918878 | ||
| 037 | _bCen Lib/Ret | ||
| 040 |
_aDPL _bEN |
||
| 082 |
_a301.3 _bMAN |
||
| 245 |
_aManaging the environment / _cedited by Desh Bandhu, Veena Bhardwaj [and] J. L. Bhat |
||
| 260 |
_aNew Delhi _bIndian Environmental Society _c1978 |
||
| 270 |
_bNew Delhi _aDarya Ganj _e110002 |
||
| 300 |
_axviii,202p. _c20cmHb) |
||
| 650 |
_aEnvironmental policy -- India -- Congresses _922305 |
||
| 650 |
_aEnvironmental policy _910587 |
||
| 700 |
_aBandhu, Desh _922306 |
||
| 700 |
_aBhardwaj, Veena _922307 |
||
| 700 |
_aBhat, J. L. _922308 |
||
| 942 |
_2ddc _cEN _h301.3 _mMAN |
||
| 999 |
_c128064 _d128064 |
||